000 01589nam0a2200385 4500
001 RU\NLR\bibl\1862037
005 20260607062810.0
010 _a978-5-7982-0291-1
_9500
021 _aRU
_b2012-1026
_983
035 _a(nilc)RSL-KNO-005381312
035 _a(NLR Aleph) 001851935
090 _a2413927
_c2413927
100 _a20120123d2012 |||y0rusy50 ca
101 0 _arus
102 _aRU
105 _aa |||||||||
200 1 _aОдностороннее отсутствие легочной артерии
_fЛ. А. Бокерия, О. А. Махачев, Т. Х. Хириев
210 _aМосква
_cНЦССХ
_d2012
215 _a141 с.
_cил., цв. ил., портр.
_d29
320 _aБиблиогр.: с. 130-141
606 1 _aЛегочная артерия
_xАплазия
_92111373
_3RU\NLR\auth\661579461
610 0 _aотсутствие легочной артерии в сердечно-сосудистой недостаточности
686 _aР410.09-1,07
_2rubbk
686 _aР457.365.010.501
700 1 _4070
_7ca
_8rus
_aБокерия
_bЛ. А.
_f1939-
_gЛеонид Антонович
_9479
_3RU\NLR\auth\7717392
701 1 _4070
_7ca
_8rus
_aМахачев
_bО. А.
_f1952-
_gОсман Абдулмаликович
_999938
_3RU\NLR\AUTH\77117013
701 1 _aХириев
_bТ. Х.
_gТиталав Хайруллаевич
_4070
801 0 _aRU
_bRuMoRKP
_c20120123
_grcr
801 1 _aRU
_bРГБ
_c20120123
801 2 _aRU
_bNLR
_c20120130
_grcr
830 _aпо эк
942 _cBOOK
980 _aNB